Belgique : 3 plus grandes villes par province - Statistiques

Statistiques générales
  • Ce quiz a été pris 87 fois
  • Le résultat moyen est 15 sur 30
Statistiques - réponses
Province Population (2025) Ville % Correct
Liège 197 000 Liège
100%
Anvers 561 000 Anvers
95%
Hainaut 206 000 Charleroi
91%
Namur 115 000 Namur
91%
Flandre occidentale 120 000 Bruges
88%
Flandre orientale 272 000 Gand
83%
Hainaut 97 000 Mons
83%
Brabant Flamand 105 000 Louvain
75%
Luxembourg 31 000 Arlon
68%
Flandre occidentale 73 000 Ostende
65%
Limbourg 90 000 Hasselt
60%
Hainaut 82 000 La Louvière
60%
Limbourg 68 000 Genk
59%
Brabant Wallon 36 000 Wavre
56%
Anvers 90 000 Malines
54%
Liège 65 000 Seraing
51%
Liège 56 000 Verviers
50%
Flandre occidentale 81 000 Courtrai
49%
Luxembourg 21 000 Bastogne
45%
Brabant Wallon 32 000 Ottignies-Louvain-la-Neuve
41%
Flandre orientale 92 000 Alost
34%
Luxembourg 18 000 Marche-en-Famenne
33%
Brabant Wallon 41 000 Braine-l'Alleud
26%
Namur 28 000 Andenne
23%
Namur 29 000 Sambreville
19%
Brabant Flamand 48 000 Vilvorde
14%
Anvers 48 000 Turnhout
13%
Flandre orientale 88 000 Beveren
11%
Limbourg 49 000 Beringen
4%
Brabant Flamand 45 000 Dilbeek
3%
Aucun quiz correspondant
Distribution des résultats
% des personnes avec chaque résultat
Percentile par nombre de réponses
Votre historique - résultats
Vous n’avez pas pris ce quiz